[Event "World Cup"]
[Site "Khanty-Mansiysk"]
[Date "2007.11.30"]
[Round "3.1"]
[White "Jakovenko, Dmitrij"]
[Black "Almasi, Zoltan"]
[Result "1-0"]
[WhiteElo "2710"]
[BlackElo "2691"]
[Annotator "Marin,M"]
[PlyCount "203"]
[EventDate "2007.11.24"]
[EventType "k.o."]
[EventRounds "7"]
[EventCountry "RUS"]
[SourceTitle "CBM 122"]
[Source "ChessBase"]
[SourceDate "2008.01.30"]
[SourceVersion "1"]
[SourceVersionDate "2008.01.30"]
[SourceQuality "1"]

1. e4 e5 2. Nf3 Nc6 3. Bb5 Nf6 4. O-O Nxe4 5. d4 Nd6 6. Bxc6 dxc6 7. dxe5 Nf5
8. Qxd8+ Kxd8 9. Nc3 Bd7 10. h3 Be7 $5 {Almost a novelty.} (10... h6 {is
authomatically played here. The main line goes} 11. b3 Kc8 12. Bb2 b6 13. Rad1
Ne7 14. Nd4 {Dominguez Perez,L (2678)-Eljanov,P (2686)/Foros 2007/CBM 119/
[Marin,M] (1/2-1/2, 61)} (14. Rfe1 $5 {Adams,M (2729)-Georgiev,K (2649)/Kemer
2007/CBM 121/[Marin,M] (1-0, 72)})) 11. Rd1 $146 (11. Ne4 b6 12. Rd1 Kc8 13. a4
Nh4 (13... c5 $5) 14. Nxh4 Bxh4 15. Bg5 $14 {Zapata,A (2543)-Cuartas,C (2292)/
Cali 2003/CBM 095 ext (1-0)}) 11... Kc8 12. Bg5 $1 {Almasi probably considered
the exchange of bishops not to be too dangerous. However, the further course
of the game will show that, even if Black's position seems to be OK, the
absence of the dark-squared bishops makes the danger of transposing to an
ending with a white N vs a black B, with a stable advantage for White is quite
big.} h6 {Black plans to transfer his knight to f4.} ({However, he could also
have considered} 12... Bxg5 13. Nxg5 h6 14. Nge4 (14. Nxf7 Re8 $1 $44 {[%csl
Gf7]} (14... Rf8 15. e6 Bxe6 16. Ne5 $14)) 14... b6 15. Rd2 (15. f4 Ne3 16. Rd2
Nc4) 15... c5 16. f4 Bc6 $132 {when the knight seems to be well placed on its
actual location.}) 13. Bxe7 Nxe7 14. Rd2 c5 15. Ne4 b6 16. Ng3 Bc6 17. Nh2 Ng6
18. Re1 Nf4 19. f3 Kb7 20. Kf2 Rad8 21. Rxd8 Rxd8 22. Nhf1 {Both sides have
effectuated natural moves and Black continues to have an active position.
However, the pressure exerted over White's position is rather sterile; there
is no way to take advantage of the control of the d-file or of the long
diagonal. Almasi's next move is symptomatic: it is not easy to find a way to
improve Black's position...} g6 23. Ne2 {However, White has a clear "plan": to
trade pieces.} Ne6 24. Ne3 Bb5 25. Nc3 Rd2+ 26. Kg3 Bc6 ({Black would not
achieve anything with} 26... Nd4 {becauseof} 27. Rd1 Rxd1 28. Ncxd1 {
maintaining everything defended. Black's insistence to maintain his initiative
despite the exchange of rooks could lead to trouble, for instance} Ba4 29. c3
$1 (29. b3 {would expose the queenside to further attacks of the bishop.})
29... Ne2+ 30. Kh4 $1 {Not a very natural, but rather strong move. The king
approaches the vulnerable black kingside.} (30. Kf2 Nc1) (30. Kg4 Bd7+) 30...
Nc1 31. Nf2 $1 (31. a3 $2 Nd3 $17) 31... Nxa2 32. Nfg4 {and suddenly the
entire black kingside is in danger, while the creation of a queenside passed
pawn will be rather consuming.}) 27. Rd1 Rd4 28. Kf2 Kc8 29. Ne2 Rxd1 30. Nxd1
Nd4 31. c3 Kd7 ({I assume that the real move order was} 31... Nxe2 32. Kxe2 Kd7
33. Ne3) 32. Ne3 Nxe2 33. Kxe2 $14 {Now, play takes a one sided character.
White has an extra-pawn on the kingside, while Black cannot create a passed
pawn on the other wing.} Ke6 34. f4 g5 35. g3 Be4 36. Ng4 gxf4 37. gxf4 h5 ({
Black's attempt to remain active does not promisse him easy life. For instance
} 37... Bf5 38. Kf3 (38. Nxh6 Bxh3 {would simplify Black's defence.}) 38... h5
39. Nf2 Bb1 40. a3 Kd5 41. h4 Bf5 (41... Kc4 {leads nowhere because of} 42. Ne4
$1 Kb3 $2 43. Nd2+ Kxb2 44. Nxb1 Kxb1 45. f5 $18) 42. Ke3 a5 43. Ne4 $1 Bg6 (
43... Bxe4 44. c4+ $1 $18) 44. Nf6+ Kc4 45. Kd2 a4 ({Or} 45... Kb3 46. Kc1 Kc4
47. Ng8 {[%cal Gg8e7]}) 46. Ne8 Kd5 47. Ke3 (47. Nxc7+ Ke4 $1 $132) 47... Kc4
48. Ng7 {[%cal Gf4f5]} Kb3 49. f5 $1 Bxf5 50. Nxf5 Kxb2 51. Kd2 $1 Kxa3 52. Kc2
b5 53. Nd6 $1 b4 54. cxb4 cxb4 55. Kb1 b3 56. Nxf7 b2 57. Nd8 Kb3 58. Nc6 a3
59. Nd4+ Kc4 60. e6 $18) 38. Nf6 Bg6 39. Kf3 c6 40. Ne8 f5 {Black has built a
fortress, but with two pawns blocked on light squares and structural deffects
on the queenside he has to suffer.} 41. Nd6 h4 42. a4 Bh5+ 43. Ke3 Bd1 44. a5
$1 $16 bxa5 45. c4 Bb3 46. Kd3 Bd1 47. Ke3 Bb3 48. Kd3 Bd1 49. Nb7 Bf3 50.
Nxc5+ Ke7 51. Nb3 Bg2 52. Nd4 Bxh3 53. Nxc6+ Kd7 54. Nd4 Bf1+ 55. Ke3 h3 56.
Nf3 Bxc4 57. Kf2 Bd5 58. Kg3 h2 59. Nxh2 Kc6 60. Nf1 Kc5 61. Kf2 Kd4 62. Ng3
Be6 63. Nh5 Kd3 64. Ng7 Bc8 65. e6 Kc2 66. e7 Bd7 67. Nxf5 Kxb2 68. Nd6 a4 69.
f5 a3 70. f6 a2 71. f7 a1=Q 72. f8=Q Qa2 73. Qf6+ Kc1+ 74. Kg3 Qb3+ 75. Kf4
Qb4+ 76. Ne4 Qb8+ 77. Kg5 Qb5+ 78. Kh4 Qb4 79. Qf4+ Kb2 80. Qe5+ Kb1 81. Kg5 a5
82. Nc3+ Kc2 83. Nd5 Qb5 84. Kh6 a4 85. Qe4+ Kb2 86. Qd4+ Kc2 87. Ne3+ Kb3 88.
Qd1+ Kc3 89. Nd5+ Kc4 90. Ne3+ Kc3 91. Qc2+ Kd4 92. Qd2+ Ke4 93. Nc4 Qd5 $2 ({
As pointed out by Dorian Rogozenco, Black could have achieved a draw here with
} 93... Qb8 94. Qxd7 ({or} 94. Nd6+ Ke5 95. Qe3+ Kf6 96. Ne4+ Kf5 $1) 94...
Qh8+ 95. Kg5 (95. Kg6 Qg8+ 96. Kf6 Qh8+ 97. Ke6 Qh6+) 95... Qg7+ 96. Kh4 Qf6+
97. Kg4 (97. Kg3 Qf3+) 97... Qf4+ 98. Kh5 Qf7+ 99. Kg5 Qg7+ $11) 94. Qe3+ Kf5
95. Qg5+ Ke4 96. Qe3+ Kf5 97. Qg5+ Ke4 98. Qg6+ Kd4 99. Nb6 Qh1+ 100. Kg7 Bc6
101. Qd6+ Ke3 102. Nd5+ 1-0

[Event "Tata Steel-A 74th"]
[Site "Wijk aan Zee"]
[Date "2012.01.17"]
[Round "4"]
[White "Navara, David"]
[Black "Karjakin, Sergey"]
[Result "0-1"]
[WhiteElo "2712"]
[BlackElo "2769"]
[Annotator "Marin,M"]
[PlyCount "120"]
[EventDate "2012.01.14"]
[EventType "tourn"]
[EventRounds "13"]
[EventCountry "NED"]
[EventCategory "21"]
[SourceTitle "CBM 147"]
[Source "ChessBase"]
[SourceDate "2012.03.16"]
[SourceVersion "1"]
[SourceVersionDate "2012.03.16"]
[SourceQuality "1"]

1. e4 e5 2. Nf3 Nc6 3. Bb5 Nf6 4. O-O Nxe4 5. d4 Nd6 6. Bxc6 dxc6 7. dxe5 Nf5
8. Qxd8+ Kxd8 9. Nc3 Ke8 10. h3 h5 {This reaction to h2-h3 has almost become
the rule lately.} 11. Bg5 Be6 12. Rfd1 (12. Rad1 {Leko,P (2747)-Alekseev,E 
(2715)/Elista 2008/CBM 128/[Kritz] (1/2, 28)}) 12... Be7 13. b3 ({Black can
prevent ...h4 with} 13. g3 {but this weakens the kingside light squares, see
for instance Anand,V (2804)-Kramnik,V (2791)/London 2010/CBM 140/[Kritz] (1/2,
39)}) ({I find} 13. Rd2 {more constructive than the game move, although White
did not achieve much either after} h4 14. Rad1 Rh5 15. Bxe7 Nxe7 16. Nd4 Bd5 {
Robson,R (2560)-Bacrot,E (2710)/Khanty-Mansiysk 2011/CBM 145 (1/2, 26)}) 13...
h4 14. Rd3 ({In the last round, Ivanchuk tried to improve with} 14. Kf1 $146 {
However, Black had easy play:} a5 15. a4 Rh5 16. Bc1 Bb4 17. Ne2 Bd5 18. Ne1
Rd8 $11 {Ivanchuk,V (2766)-Karjakin,S (2769)/Wijk aan Zee 2012/CBM 147 (1/2,
22)}) 14... Rd8 15. Rxd8+ $146 (15. Rad1 Rxd3 16. Rxd3 a5 17. Ne2 Bd5 18. Bxe7
Kxe7 19. Nd2 a4 $132 {Sengupta,D (2572)-Shyam,S (2457)/Aurangabad 2011/CBM 144
Extra (1/2, 43)}) 15... Bxd8 16. Rd1 Be7 {It is interesting to follow the way
both sides maintain the tension. Black does not need to allow Nxg5, while
White avoids the activation of the black king with ...Kxe7.} 17. Bf4 $5 (17.
Bxe7 Kxe7 {would put the e5-pawn in some danger.}) 17... Rg8 18. Ng5 ({It is
interesting to check whether ...g5 was such a threat:} 18. Kf1 g5 19. Bc1 g4
20. hxg4 Rxg4 {White cannot continue his regrouping without allowing some form
of black counterplay:} 21. Bb2 {This weakens the f4-square.} (21. Ne2 {allows
the standard} Bd5 {, when} 22. Ne1 {can be met by the pseudo-sacrifice} Bxg2+
23. Nxg2 h3 24. Nef4 $8 hxg2+ 25. Nxg2 Nd4 $132) 21... h3 $5 22. gxh3 Rf4 23.
Rd3 Nh4 24. Nd4 (24. Ne1 Bc5 25. Nd1 Ng6 $44) 24... Bxh3+ 25. Rxh3 Rxd4 $132 {
In all these lines, Black's pieces are active, while the white pawns are
likely to be blocked soon.}) 18... Bc8 19. Nce4 Rh8 {Hurrying to h5, in order
to question the stability of White's minor pieces.} ({It is interesting to
follow the way in which Karjakin waits for the right moment to play ...c5. For
instance,} 19... c5 {may be premature. After} 20. Nc3 {the only way to prevent
Nd5 would be} c6 {but then the knight could head for d6 with} 21. Nce4 {
A curious line in which one weaknesses provokes another one.}) 20. c4 b6 21.
Nf3 Rh5 22. Kf1 Bd8 $5 {A somewhat mysterious move. The bishops stand well
like this, acting in tandem and leaving the space available for other pieces.
The c7-pawn is well defended, making White forget about e5-e6, while the
manoeuvre ...Ne7-g6 becomes a possibility.} 23. Nfg5 {Let us check how play
could have continued in the event of more neutral moves.} (23. Rd3 Ne7 {
[%cal Ge7g6]} 24. Bg5 Bf5 25. Nfd2 Rxg5 $1 26. Rxd8+ Kxd8 27. Nxg5 Ng6 28.
Nxf7+ Ke7 29. Ng5 Nxe5 {White's majority is not dangerous yet, while the
kingside pawns may become vulnerable.}) (23. Ke2 c5 $1 24. Nc3 Ne7 25. Nd5 Nxd5
26. cxd5 g5 27. Bh2 g4 28. hxg4 Bxg4 $132 {In these lines, it is clear that
White's pieces are vulnerable on light squares.}) ({This leaves us with} 23.
Rd2 $5 {, but I wonder what would White do next if Black does not fall for} Ne7
$6 24. Bg5 $1 {[%csl Gh4]} Bf5 25. Nc3 $16) 23... Be7 (23... c5 $2 24. Nxf7 $1)
24. Nf3 Bd8 25. Nfg5 Be7 26. Rd3 c5 $1 {Finally a good moment for this move,
since the immediate Nc3 is impossible.} 27. Nf3 Bb7 28. Nc3 Bxf3 $1 {A
favourable exchange at the last available moment.} 29. Rxf3 Nd4 30. Rd3 (30.
Re3 Kd7 $15 {[%cal Gd7e6]}) 30... Ne6 (30... Kd7 $2 31. Nb5) 31. Bh2 {Black
has regrouped perfectly. Famously, the knight is the best blocking piece.
White's majority is not easy to promote and the e5-pawn may become a weakness.}
a6 32. f4 c6 33. Kf2 Nd4 34. Ke3 {Preparing to offer the exchange of the
central knight.} (34. Ne4 Kd7 35. b4 Ke6 36. bxc5 bxc5 37. Ra3 Rh8 38. Rxa6 Rb8
$44) (34. Ne2 {does not hreaten to win a pawn because of the possible ...Bc5.}
f6 $5 35. exf6 Bxf6 {with active play for Black.}) 34... Rh6 {[%cal Gh6g6]
Targetting g2.} 35. Ne2 Rg6 36. Nxd4 {This leads to an inferior ending, but
White's life was not easy already.} (36. g4 hxg3 37. Bxg3 (37. Nxg3 Rh6 $1)
37... f6 $5 (37... Nxe2 38. Kxe2) 38. exf6 Bxf6 $132) 36... cxd4+ 37. Kf3 c5
38. g4 (38. f5 $2 Rg5) 38... hxg3 39. Bxg3 f5 $15 {Both sides have a protected
passed pawn, but Black's structure is more compact.} 40. exf6 {Giving up his
main trump, probably fearing that the central pawn would become weak later.} ({
The difference between the structural quality of each side is revealed after} 
40. Bf2 Kf7 41. b4 Rh6 42. Kg2 g5 $15 {From the two pawn breaks, Black's
obviously is the most effective, since Pf4 cannot be supported by a colleague.}
) 40... Rxf6 41. b4 Rh6 42. Kg4 Re6 43. Kf3 g6 44. Bf2 Kd7 45. Ra3 $6 {
Careless.} cxb4 $1 46. Rd3 Bf6 $17 47. Bxd4 $2 {Suicidal.} Rd6 48. Ke3 Bxd4+
49. Rxd4 Rxd4 50. Kxd4 Kd6 $19 51. Kd3 a5 52. a3 bxa3 53. Kc3 Kc5 54. h4 a2 55.
Kb2 Kxc4 56. f5 gxf5 57. h5 f4 58. h6 f3 59. h7 f2 60. h8=Q a1=Q+ $1 (60...
a1=Q+ 61. Kxa1 f1=Q+ 62. Kb2 Qe2+ 63. Kc1 Qe3+ 64. Kc2 Qd3+ 65. Kb2 Qb3+ 66.
Kc1 Qc3+) 0-1

[Event "EU-Cup 23rd"]
[Site "Kemer"]
[Date "2007.10.07"]
[Round "5.2"]
[White "Adams, Michael"]
[Black "Georgiev, Kiril"]
[Result "1-0"]
[WhiteElo "2729"]
[BlackElo "2649"]
[Annotator "Marin,M"]
[PlyCount "143"]
[EventDate "2007.10.03"]
[EventType "team-swiss"]
[EventRounds "7"]
[EventCountry "TUR"]
[SourceTitle "CBM 121"]
[Source "ChessBase"]
[SourceDate "2007.11.14"]
[SourceVersion "1"]
[SourceVersionDate "2007.11.14"]
[SourceQuality "1"]
[WhiteTeam "Merida Linex Magic"]
[BlackTeam "Alkaloid"]
[WhiteTeamCountry "ESP"]
[BlackTeamCountry "MKD"]

1. e4 e5 2. Nf3 Nc6 3. Bb5 Nf6 4. O-O Nxe4 5. d4 Nd6 6. Bxc6 dxc6 7. dxe5 Nf5
8. Qxd8+ Kxd8 9. Nc3 h6 10. h3 Bd7 11. b3 Kc8 12. Bb2 b6 13. Rad1 Ne7 {In this
highly fashionable position, White has tried several moves.} 14. Rfe1 $5 {
Without being a novelty, this is a rare move, especially at a high level.
However, it looks quite logical to me: White brings the last forces into play,
obtaining a harmonious position. The concrete threat is Nd4 followed by e6,
opening the position before Black completes his development.} (14. Ne2 Ng6 15.
Ng3 (15. Ne1 {Kasparov,G-Kramnik,V/London 2000/CBM 80/[Wedberg] (1/2-1/2, 25)})
15... Nf4 $1 {Shirov,A (2722)-Kramnik,V (2797)/Astana 2001/CBM 084/[Wedberg] 
(1/2-1/2, 41)} (15... c5 {Sharma,D (2385)-Kharlov,A (2639)/Dubai 2001/CBM 083/
[Wedberg] (1/2-1/2, 88)})) (14. Rd2 {Wedberg: 'Doubling up on the d-file seems
to be White's best option against the Bd7-line.'} c5 15. Rfd1 Be6 16. Ne2 g5 {
Anand,V (2794)-Kramnik,V (2797)/Mainz 2001/CBM 084/[Atlas,V] (0-1, 27)} (16...
Ng6 {Grischuk,A (2712)-Marciano,D (2502)/France 2003/CBM 094/[Wedberg] (1-0,
41)})) (14. Nd4 {Dominguez Perez,L (2678)-Eljanov,P (2686)/Foros 2007/CBM 119/
[Marin,M] (1/2-1/2, 61)}) 14... c5 {Denying the knight's access to d4.} (14...
Ng6 $6 15. Nd4 Nf4 16. Nce2 $1 {The fight for the e6-square continues.} Ng6 (
16... Ne6 17. Nxe6 Bxe6 18. Nf4 $14) 17. Nc3 Nf4 18. Nce2 Ng6 19. Nc3 $6 (19.
Ng3 $1 Nf4 20. Re4 Ne6 21. f4 $14) 19... Nf4 {1/2-1/2 Luther,T (2568)-Miles,A 
(2562)/Havana 2001/CBM 084}) 15. Ne2 $146 {White renews the threat of a
central break with Nf4 and e6.} ({Previously, a less logical knight
regroupment has been played (true, not at such a high level):} 15. Nd2 Be6 {
The bishop feels comfortable here now.} 16. Nf1 Kb7 17. g4 $6 h5 18. Ne3 Ng6
19. Ne2 hxg4 20. hxg4 Nh4 21. Rf1 g5 22. f3 Bg7 $36 {Cornette,M (2383)-Rizouk,
A (2442)/Montpellier 2001/EXT 2003 (0-1, 34)}) 15... Ng6 ({The seemingly active
} 15... Bc6 {has the drawback of leaving the e6-square insufficiently defended.
White probably can ignore the optically unpleasant threat ...Bxf3 with} 16. e6
(16. Nd2 $6 Ng6 17. f4 $2 Nh4 $1 18. g4 Ng2 19. Rf1 Ne3 $17) 16... Bxf3 17.
gxf3 fxe6 18. Nf4 {, when White's advance in development and his harmonious
placement of forces is obvious.} Nf5 19. Nxe6 Bd6 (19... Kb7 20. Rd7 $16) 20.
Rd5 Nh4 21. Re4 Nxf3+ 22. Kg2 Nd4 23. Bxd4 cxd4 24. Nxg7 Rg8 25. Rg4 Bc5 26.
Ne6 $16 {[%csl Rc5,Rd4]}) 16. h4 $1 {This move implies a pawn sacrifice, but
enables White to develop a strong initiative on the kingside and in the centre,
while Black still needs to complete his queenside regroupment.} Bg4 (16... h5
17. Ng5 $14) (16... Be7 17. e6 Bxe6 18. h5 Nh4 19. Nf4 Nxf3+ 20. gxf3 Bf6 21.
Bxf6 gxf6 22. Nxe6 fxe6 23. Rxe6 Kb7 {White's rook activity along the central
files offers him chances for maintaining an edge. Here,} 24. f4 $5 {might be
best, restricting Black's counterattacking possibilities based on a rook's
transfer to g5.}) 17. Nh2 Bxe2 18. Rxe2 Nxh4 19. Re4 Be7 20. g3 Ng6 (20... Nf5
21. Rf4 g6 22. g4 $16) 21. e6 {In view of Black's accurate defence, this move
might be premature.} ({The main alternative was} 21. f4 $5 {, followed by
massive gain of space with f5 and/or e6, depending on Black's play.}) 21... f5
$1 (21... f6 22. Rg4 $18) 22. Re3 Bf6 $1 23. Bxf6 gxf6 {Black has somewhat
simplified the position and White will need some time to reestablish the
material equality. Besides, the e6-pawn is not that dangerous yet.} 24. Rf3 Rd8
{This move allows White maintain a minimal but stable edge.} (24... Ne7 $5 {
would have retained chances for a double edged fight.} 25. Rd7 (25. g4 Kb7 26.
gxf5 Rag8+ 27. Kh1 Rg5 $132) 25... Re8 26. Nf1 Nc6 {[%csl Rd7,Rf3][%cal Gc6e5]}
(26... Kb7 27. Ne3 Nc6 28. Nd5 Rac8 29. Re3 Nd4 30. e7 Nxc2 31. Rd3 Nb4 32.
Nxb4 cxb4 33. Kg2 $16 {[%csl Rb7,Rc8,Re8][%cal Gg2f3,Gf3f7]}) 27. Rxf5 Rxe6 28.
Rf7 Nd4 29. R5xf6 Rxf6 30. Rxf6 Nxc2 31. Rxh6 Kd7 $13 {White's kingside passed
pawns are not that easy to be advanced, mainly because of White's far from
optimal coordination. Black is more active and has strong counterplay on the
other wing (...a5-a4 or ...Nb4-c2-d4)}) 25. Rxd8+ Kxd8 26. Rxf5 Ke7 27. Ng4 Rf8
28. Rh5 Kxe6 29. Rxh6 Ne7 30. Ne3 a5 31. a4 {White has managed to stabilize
the queenside, while keeping an extra pawn on the opposite wing. Every
player's dream in the Berlin Defence.} Nd5 $6 {Black's decision to clear the
position from the last "tactical impurities" can hardly be recommended. Now,
he will be doomed to passive defence, whereas the presence of knights on board
would have offered him chances for counterplay, especially because of his
well-centralised king.} 32. Nxd5 Kxd5 33. Rh4 c6 34. Kf1 b5 (34... Re8 $5 {
[%csl Rf1]}) 35. Ke2 Re8+ 36. Kd3 Rd8 37. Re4 $1 (37. c4+ Ke6+ (37... bxc4+ {
offers White the additional possibility of} 38. Rxc4 $5) 38. Kc3 b4+ $5 (38...
bxa4 39. bxa4 Rb8 40. Rh5 f5 41. Rh6+ Kd7 42. Rf6 $16) 39. Kc2 Rd4 $5) 37...
c4+ (37... Rd7 38. c4+ $1 bxc4+ (38... Kd6 $2 39. cxb5 cxb5 40. axb5 $18) 39.
Rxc4 $16) (37... Rb8 $5 {would have prevented White's queenside plan, but then
he could improve his position gradually on the opposite wing with} 38. g4) 38.
bxc4+ Kc5+ 39. Kc3 bxa4 ({Black's queenside strategic advantage after} 39...
b4+ 40. Kb3 {is of temporary nature and not too relevant.} Rd6 (40... Rd4 41.
Re6 $1) 41. Rf4 Kb6 42. Rf5 c5 43. Rd5 Re6 44. c3 $16) 40. Rf4 $16 {Black
probably overlooked the fact that he cannot find an adequate way of defending
his f6-pawn because of the vulnerable position of his king.} Rd1 (40... Rd6 $2
41. Rf5+ Kb6 42. c5+ $18) (40... Rf8 41. Rf5+ Kb6 42. g4 Rg8 43. f3 Rg6 44. Kb2
$18 {[%csl Rg6][%cal Gb2a3,Ga3a4]}) 41. Rf5+ Kb6 42. Kb2 Rd4 43. Rxf6 Rxc4 {
[%csl Rc2][%cal Ga4a3] /\...a3} 44. Rf3 $1 Rb4+ 45. Ka3 Kb5 46. Rc3 c5 {
It is curious that White will win by advancing his f-pawn only. However, the
g3-pawn will prove useful by keeping the f4-square defended.} 47. f4 {[%cal
Gg3f4]} Kc6 48. Rd3 Re4 49. f5 {[%cal Re4f4]} Re2 50. Rf3 Kd7 51. f6 Ke8 52. c4
Rc2 53. Rf4 Rc3+ 54. Kxa4 Rxg3 55. Rf5 Rg4 56. Rxc5 Rf4 57. Kxa5 Kd7 58. Kb6
Rxf6+ 59. Kb7 {Good endgame knowledge. The endgame is winning, according to
books and... tablebases.} Rf4 60. Rc7+ Kd8 61. c5 Rb4+ 62. Kc6 Rc4 63. Rh7 Rc1
64. Rh8+ Ke7 65. Rc8 Rc2 66. Kb7 Rb2+ 67. Kc7 Ra2 68. c6 Ra7+ 69. Kb6 Ra1 70.
Rh8 Rb1+ 71. Kc7 Ra1 72. Rh2 1-0